Music Quiz

Random Music or Song Quiz

Guess the Green Day Song 7 Quiz Stats

 Plays Quiz not verified by Sporcle

Score 0/180 Timer 10:00
0 Plays Today
% Correct
I've
97%
I'm
97%
I'm
97%
I'm
97%
I'm
97%
I'm
97%
I've
97%
I
96.9%
I
96.9%
I
96.9%
I
96.9%
I
96.9%
I
96.9%
a
96.3%
a
96.3%
the
96.3%
And
96.3%
a
96.3%
the
96.3%
a
96.3%
I'm
92.5%
be
81.5%
you
79%
to
74.2%
to
74.2%
to
74.2%
me
68.7%
me
68.7%
me
68.7%
been
68.4%
been
68.4%
for
66.9%
For
66.9%
for
66.9%
for
66.9%
time
65.3%
time
65.3%
on
65.2%
On
65.2%
No
62.4%
life
62.4%
it
62.1%
it
62.1%
it
62.1%
this
61.7%
this
61.7%
this
61.7%
so
58.9%
So
58.9%
so
58.9%
so
58.9%
of
58.3%
of
58.3%
long
57.9%
You're
57.1%
your
56.5%
your
56.5%
your
56.5%
waiting
56.3%
waiting
56.3%
% Correct
all
56.2%
all
56.2%
all
56.2%
all
56.2%
all
56.2%
come
56%
come
56%
at
55.8%
at
55.8%
at
55.8%
at
55.8%
at
55.8%
my
55.7%
my
55.7%
can
55.1%
can
54.9%
have
54.4%
have
54.4%
have
54.4%
not
53.2%
not
53.2%
Don't
52.7%
up
52.1%
up
52.1%
up
52.1%
up
52.1%
moment
51%
moment
51%
anything
50.9%
anything
50.9%
will
50.1%
Where
49.5%
like
48.7%
If
48.2%
there
48%
one
47.1%
ever
46.8%
ever
46.8%
ever
46.8%
Downtown
46.7%
catch
46.3%
than
45.8%
than
45.8%
than
45.8%
gonna
45.7%
Wake
44%
Wake
44%
Wake
44%
Wake
44%
or
43.1%
or
43.1%
out
42.9%
get
42.9%
now
42.7%
destined
42.5%
too
42.5%
destined
42.5%
going
42.5%
It's
42.4%
much
42.1%
% Correct
much
42.1%
much
42.1%
lights
41.9%
can't
41.8%
known
41%
known
41%
known
41%
shining
40.7%
new
40.5%
new
40.5%
Well
39.5%
Well
39.5%
Well
39.5%
Well
39.5%
Well
39.5%
let
39.4%
Good
39%
luck
39%
close
38.1%
closer
38%
closer
38%
closer
38%
Better
37.9%
Better
37.9%
Better
37.9%
hour
37.6%
ready
37.6%
Ready
37.6%
ring
37.1%
need
37.1%
under
37%
midnight
36.8%
Color
36.4%
stars
36%
stars
36%
stars
36%
Dawning
35.7%
falling
35.6%
lucky
35%
lucky
35%
lucky
35%
era
34.9%
diamond
34.8%
touch
34.4%
stupid
34.4%
thank
34.1%
thank
34.1%
thank
34.1%
Calling
34%
feeling
33.9%
late
33.3%
taste
33.1%
Dumbstruck
33.1%
tip
32.1%
tongue
31.5%
enough
30.5%
Almost
29.9%
back
28.2%
turn
26.3%
embrace
25.6%

You're not logged in!

Compare scores with friends on all Sporcle quizzes.
OR
Log In

Show Comments

Extras

Top Quizzes Today


Score Distribution

Your Account Isn't Verified!

In order to create a playlist on Sporcle, you need to verify the email address you used during registration. Go to your Sporcle Settings to finish the process.

Report this User

Report this user for behavior that violates our Community Guidelines.

Details: